| 000 | 00759cab a2200253 4500 | ||
|---|---|---|---|
| 001 | WB3303-20 | ||
| 008 | 090401t1997 xxu||||| |||| 00| 0 eng d | ||
| 035 | _a(Sirsi) u26474 | ||
| 041 | _aeng | ||
| 245 | _aPFI spending fears | ||
| 260 | _c1997 | ||
| 350 | _a0 | ||
| 490 |
_aFinancial Times _v11/12 January 1997, 5(1) |
||
| 520 | _aConcerns are growing over the the operating costs of long-term PFI projects and the likely impact on future government spending plans. | ||
| 650 | _aDBFO PROJECTS | ||
| 650 | _aGOVERNMENT SPENDING | ||
| 650 | _aOPERATING COSTS | ||
| 650 | _aPFI | ||
| 650 | _aPRIVATE FINANCE INITIATIVE | ||
| 650 | _aPROJECT FINANCE | ||
| 690 | _aPROPERTY-PROPERTY FINANCE AND INVESTMENT | ||
| 942 | _n0 | ||
| 948 | _c04/03/1997 | ||
| 999 |
_c17790 _d17790 |
||